Music Quiz

Random Music or Song Quiz
Score 0/50 Timer 15:00
0 Plays Today
% Correct
Smells
100%
Sweet
96.2%
Bridge
96.2%
Smoke
96.2%
Sympathy
96.2%
Every
92.3%
Genie
92.3%
Since
92.3%
Welcome
92.3%
I
92.3%
Midnight
92.3%
(Don't
92.3%
Georgia
92.3%
Anarchy
92.3%
Rolling
88.5%
Party
88.5%
All
88.5%
Blowin'
88.5%
Great
88.5%
Good
88.5%
Whiter
88.5%
Me
88.5%
Like
84.6%
No
84.6%
Get
84.6%
% Correct
Leader
84.6%
That'll
84.6%
I
84.6%
God
80.8%
Dancing
80.8%
Baby
80.8%
Cry
80.8%
With
80.8%
I
76.9%
We've
76.9%
Summer
76.9%
River
73.1%
Come
73.1%
In
73.1%
Won't
73.1%
Ain't
69.2%
Suite:
69.2%
The
69.2%
Tangled
69.2%
You
65.4%
For
65.4%
Who
65.4%
It's
61.5%
Come
61.5%
Monkey
61.5%

You're not logged in!

Compare scores with friends on all Sporcle quizzes.
OR
Log In

Sporcle TV

Today on Sporcle TV


Watch our educational content, quiz creation guides, and fun videos on Sporcle TV.

Show Comments

Extras

Created Sep 18, 2019ReportNominate
Tags:Clickable Quiz, Song Quiz

Top Quizzes Today


Score Distribution

Paid Content

Your Account Isn't Verified!

In order to create a playlist on Sporcle, you need to verify the email address you used during registration. Go to your Sporcle Settings to finish the process.

Report this User

Report this user for behavior that violates our Community Guidelines.

Details: